000 00280nam a22001097a 4500
008 160427b xxu||||| |||| 00| 0 eng d
020 _a9780323085496
041 _aeng
080 _a618.2
245 _aNursing diagnosis handbook:
_cBetty J. Ackley; Gail B. Ladwig;
942 _2udc
_cBK
999 _c1628
_d1628